000 00434nam a2200145Ia 4500
008 100204s9999 xx 000 0 und d
082 _b12855
100 _aबांदोडकर व. पु.
245 _aटायगर
260 _b"बांदोडकर पब्लिशिंग हाऊस, गोवा"
_c1990
300 _a198
630 _aटायगर
730 _aटायगर
942 _cBOOK
999 _c457287
_d457284